| 000 | 00695nam a22002417a 4500 | ||
|---|---|---|---|
| 001 | 5679 | ||
| 003 | BD-RjUL | ||
| 005 | 20211208234117.0 | ||
| 008 | 140106r19971995ii de||| |||| 001 0 eng d | ||
| 020 | _a0074620495 | ||
| 035 | _a(BD-RjUL)5718 | ||
| 040 |
_aBD-RjUL _beng _cBD-RjUL |
||
| 041 | _aeng | ||
| 082 | 0 | 4 |
_a338.9 _bCHP |
| 100 | 1 |
_aChandra, Prasanna _917839 |
|
| 245 |
_aProjects : Planning, Analysis, Selection, Implementation,and Review / _cChandra, Prasanna |
||
| 250 | _a4th Ed | ||
| 260 |
_aNew Delhi : _bTata McGraw-Hill, _cc1995 [Reprent 1997] |
||
| 300 |
_axvii,644p. ; _b ills. ; _c25cm. |
||
| 504 | _aIncludes Index | ||
| 650 | 0 | 7 |
_aPlanning, Analysis _917840 |
| 942 |
_2ddc _cBK |
||
| 999 |
_c5679 _d5679 |
||